| 000 | 01201nam a22002537a 4500 | ||
|---|---|---|---|
| 005 | 20240530110441.0 | ||
| 008 | 150420s2011 ua a g 000 0 ara d | ||
| 017 |
_a2010/19140 _bمصر . دار الكتب المصرية |
||
| 020 | _a9772328003 | ||
| 040 | _aEG-CaGPL | ||
| 082 | 0 | 4 |
_221 _a391.2\ _bم ج |
| 100 | 0 | _aمنى عزت حامد عبدالعزيز . | |
| 245 | 1 | 0 |
_aجماليات التراث الشعبى لملابس النساء فى دولة الامارات العربية المتحدة / _cمنى عزت حامد عبدالعزيز ؛ مراجعة سلوى هنرى جرجس ، نجوى حسين حجازى . |
| 250 | _aط1. | ||
| 260 |
_aالقاهرة : _bدار الكتب ، _c2011 . |
||
| 300 |
_a208 ص ؛ _c24 سم. |
||
| 650 | 0 | 4 | _aالازياء الشعبية |
| 650 | 0 | 4 |
_aالنساء _xملابس _xعادات وتقاليد _zالامارات العربية المتحدة. |
| 650 | 0 | 4 |
_aالملابس _xعادات وتقاليد _zالامارات العربية المتحدة. |
| 700 | 0 |
_aسلوى هنرى جرجس _eمراجع |
|
| 700 | 0 |
_aنجوى حسين حجازى _eمراجع |
|
| 942 |
_2ddc _cBK |
||
| 999 |
_c61052 _d61052 |
||